Adivina el actor por el personaje #3 - Estadísticas

Estadísticas generales
  • Esta prueba ha sido intentada 59 veces
  • La puntuación promedio es 9 de 16
Estadísticas de respuestas
Imagen Respuesta % Correcto
Will Smith
93%
Joaquin Phoenix
84%
Christian Bale
80%
Robert Downey Jr.
77%
Hugh Jackman
75%
Andrew Garfield
66%
Matt Damon
66%
Mark Ruffalo
61%
Arnold Schwarzenegger
55%
Clint Eastwood
55%
Jake Gyllenhaal
55%
Jamie Foxx
45%
Tim Robbins
23%
Malcolm McDowell
18%
Nicolas Cage
18%
James Stewart
16%
No se encontraron pruebas coincidentes
Distribución de puntuación
Porcentaje de gente con cada puntuación
Porcentaje por número respondido
Historial de tus puntuaciones
No has intentado esta prueba.